000 00524nam a2200181Ia 4500
008 100920s9999 xx 000 0 und d
082 _b71909
_a891.464 थ 98
100 _aपै शिरीष.
245 _aकोलाज.
260 _bमेहता पब्लिशिंग हाऊस, पुणे 30.
_c1998
300 _a132
_bसाधी
365 _b80
520 _aनिबंध.
630 _aकोलाज.
650 _aनिबंध.
730 _aकोलाज.
942 _cBOOK
999 _c713751
_d713748